| Registos Bibliográficos associados ao registo de autoridade |
|
Etiqueta de registo: 00642cam 2200229 450 001 1098729 003 http://id.bnportugal.gov.pt/bib/catbnp/1098729 005 20030128123500.0 010 ## $a972-610-520-X 021 ## $aPT$b180402/02 100 ## $a20030128d2002 m y0pory0103 ba 101 1# $apor 102 ## $aPT 105 ## $ay z 000gy 106 ## $ar 200 1# $a O jardim adormecido e outros poemas$fMahmud Darwich$gselec. e trad. Albano Martins 205 ## $a1ª ed 210 #9 $aPorto$cCampo das Letras,$d2002 215 ## $a116, [2] p.$d21 cm 225 2# $aCampo da poesia$v44 675 ## $a821.411.21(569.4-07)-1"19"$vBN$zpor$31983078 700 #1 $aMahmoud,$bDarwish,$f1941-2008$31079386 702 #1 $aMartins,$bAlbano,$f1930-2018$4730$345081 801 #0 $aPT$bBN$gRPC 900 ## $aBIBNAC$d20130602 966 ## $lBN$mFGMON$sL. 75086 V.$x1 966 ## $lBN$mFGMON$sL. 75086 V.$x1
Etiqueta de registo: 00254nam 2200025 450 001 2252937 003 http://id.bnportugal.gov.pt/bib/catbnp/2252937 021 ## $aPT$b555847/25 100 ## $a20260122d2025 m y0pory01030103ba 101 0# $apor 102 ## $aPT 105 ## $ay z 000gy 106 ## $ar 200 1# $aRio morre de sede - diários$fMahmoud Darwich$gtrad. Manuel Alberto Vieira 210 #9 $a[S.l.]$cFlâneur,$d2025 215 ## $a181, [9] p.$d19 cm 675 ## $a821.411.21(569.4-07)-1"19"$vBN$zpor$31983078 700 #1 $aMahmoud,$bDarwish,$f1941-2008$31079386 702 #1 $aVieira,$bManuel Alberto,$f1979-$4730$31239610 801 #0 $aPT$bBN$gRPC 856 41 $uhttp://rnod.bnportugal.gov.pt/ImagesBN/winlibimg.aspx?skey=&doc=2252937&img=218678&save=true 900 ## $aBIBNAC$d20260223 966 ## $lBN$mFGMON$sL. 123617 P.$x1 966 ## $lBN$mFGMON$sL. 123617 P.-D$x1 971 ## $ccsilva$d20260122 973 ## $cigoulao$d20260203 975 ## $e0$d20260223$viquintas
|
|
|